| Tag |
First Indicator |
Second Indicator |
Subfields |
| LEADER |
00000cam a2200000 a 4500 |
| 001 |
in00000009673 |
| 005 |
20151007051635.0 |
| 008 |
850416r19851980nyu 00001 eng d |
| 020 |
|
|
|a 0425074536 :
|c $2.95
|
| 035 |
|
|
|a (OCoLC)11924627
|
| 035 |
|
|
|9 AAA4047AM
|
| 040 |
|
|
|a GZK
|c GZK
|d m/c
|d TXA
|d UtOrBLW
|
| 049 |
|
|
|a TXAS
|c [A09893512]
|
| 050 |
|
4 |
|a PZ1
|b .S4993 1985
|
| 245 |
0 |
0 |
|a Shadows 3 /
|c edited by Charles L. Grant.
|
| 264 |
|
1 |
|a New York :
|b Berkley Books,
|c 1985
|
| 264 |
|
4 |
|c ©1980
|
| 300 |
|
|
|a 211 pages ;
|c 18 cm.
|
| 336 |
|
|
|a text
|b txt
|2 rdacontent
|
| 337 |
|
|
|a unmediated
|b n
|2 rdamedia
|
| 338 |
|
|
|a volume
|b nc
|2 rdacarrier
|
| 650 |
|
0 |
|a Horror tales, American.
|
| 700 |
1 |
|
|a Grant, Charles L.
|
| 740 |
0 |
|
|a Shadows three.
|
| 999 |
|
|
|a MARS
|
| 999 |
f |
f |
|s 0abed3d4-ffd8-3373-b67c-ab14e88807cf
|i 86471ca4-0164-3cfa-b047-8fca7dd5722e
|t 0
|
| 952 |
f |
f |
|p noncirc
|a Texas A&M University
|b College Station
|c Cushing Memorial Library & Archives
|d Cushing: Science Fiction (Does not check out)
|t 0
|e PZ1 .S4993 1985
|h Library of Congress classification
|i unmediated -- volume
|m A14809893512
|
| 998 |
f |
f |
|a PZ1 .S4993 1985
|t 0
|l Cushing: Science Fiction (Does not check out)
|